000 01081nam a2200253 i 4500
001 163056
003 ES-MaACL
005 20230929062537.0
008 931025s1780 sp |||| | spa d
040 _aPAB
_bspa
_cPAB
110 2 _aReal Academia Española
_96336
245 1 0 _aDiccionario de la lengua castellana /
_ccompuesto por la Real Academia Española ; reducido á un tomo para su mas fácil uso.
260 _aMadrid :
_bpor D. Joaquín Ibarra ...,
_c1780.
300 _a[8], 953 [i.e. 955], [1] en bl., 12 p. ;
_cFol. (36 cm)
505 8 _aSuplemento que comprehende las letras A y B, 12 p. finales, con sign. propia
597 _aSign. : *4, A-Z4, 2A-2Z4, 3A-3Z4, 4A-4Z4, 5A-5Z4, 6A-6D4, 6E2, a4, b2.
597 _aError tip. de pag., duplica la numeración de las p. 791-792.
597 _aTexto a tres col.
597 _aAntep.
597 _aPort. con esc. xil. de la Real Academia.
650 0 4 _aLengua española-
_vDiccionarios.
_914137
852 _aES-MaACL
_jR-95
_z-- Enc. piel marrón gofrada
_x-- Olim: B-8095
999 _c163056
_d163056